| 000 | 01161nam a22002295i 4500 | ||
|---|---|---|---|
| 001 | 164252 | ||
| 003 | ES-MaACL | ||
| 005 | 20230906212912.0 | ||
| 008 | 000107s1895 phlf |||| | spa d | ||
| 080 | _a550.348(599) | ||
| 100 | 1 |
_aSaderra Maso, Miguel. _9132264 |
|
| 245 | 1 | 3 |
_aLa seismología en Filipinas : _bdatos para el estudio de terremotos del archipiélago filipino / _creunidos y ordenados por el P. Miguel Saderra Masó. |
| 260 |
_aManila : _b[s.n.], _c1895 ( _fEstab. Tipo-litográfico de Ramírez y Compañía) |
||
| 300 |
_a[2], 122 p., [1] h. de mapa, XLI h. de mapas, XL h. de lám., [2] h. pleg. de lám. ; _c32 cm. |
||
| 530 | _aDisponible en formato digital. | ||
| 594 | _aPrecede al tít.: Observatorio de Manila, dirigido por los padres de la Compañía de Jesús. | ||
| 650 | 4 |
_aTerremotos- _zFilipinas. _9155970 |
|
| 650 | 4 |
_aSismología- _zFilipinas. _9136883 |
|
| 710 | 2 |
_aObservatorio de Manila. _96008 |
|
| 852 | 4 |
_aES-MaACL _jT-771-F-4 _z- Enc. hol., conservando cub. original _z- Enc. en un vol. facticio _z- Donativo de Moret |
|
| 856 | 4 |
_uhttp://bdh-rd.bne.es/viewer.vm?id=0000252596&page=1 _zBiblioteca Digital Hispánica |
|
| 999 |
_c164252 _d164252 |
||